00342 a2200133 450000100060000002000150000604000240002110000310004524000450007624500400012130000070016136200090016865000310017745384 a8585651431 cAnchieta - Aquarius aSilva, Flávio Caetano da10aA história da Bahia em quadrinhoslpor10aA história da Bahia em quadrinhos a420 a1999 4aLiteratura infanto-juvenil